000 00322pam a2200145 a 4500
020 _c
041 _aeng
082 _a576.163
_bWIL
100 _aWilliam Frazier .
245 _aFood Microbiology
_hTextual Documents
250 _a2007.
260 _aNew Delhi
_bTata McGraw Hill
300 _a539 pg .
930 _a8747
999 _c85653
_d85653